| 000 | 00607cam a2200241 4500 | ||
|---|---|---|---|
| 001 | ABS61195 | ||
| 008 | 000000n1999 000 0 eng u | ||
| 035 | _a(Sirsi) u101788 | ||
| 245 | _aFocus 99: M25 junctions 1-7. | ||
| 260 | _c1999 | ||
| 490 |
_aEstates Gazette _v(9939) 2 October 1999, 79-115(18) |
||
| 650 | _aM25 CORRIDOR | ||
| 650 | _aCROYDON | ||
| 650 | _aKENT | ||
| 650 | _aDARTFORD | ||
| 650 | _aSEVENOAKS | ||
| 650 | _aORPINGTON | ||
| 650 | _aBROMLEY | ||
| 650 | _aCRAWLEY | ||
| 650 | _aGATWICK | ||
| 690 | _aPROPERTY-COMMERCIAL PROPERTY-COMMERCIAL PROPERTY MARKET | ||
| 942 | _n0 | ||
| 999 |
_c60901 _d60901 |
||